Horribly Drawn Country Shapes - 2 - Statistics

General Stats
  • This quiz has been taken 33 times
  • The average score is 5 of 8
Answer Stats
Picture Answer % Correct
Norway
96%
Morocco
85%
Austria
81%
Finland
78%
Barbados
56%
Saint Kitts and Nevis
48%
Federated States of Micronesia
41%
North Macedonia
26%
No matching quizzes found
Score Distribution
Percent of People with Each Score
Percentile by Number Answered
Your Score History
You have not taken this quiz